[Event "Speed Chess (Women) Q5"]
[Site "Chess.com INT"]
[Date "2021.06.04"]
[Round "7"]
[White "Farhat Willemstein, Stela Souza"]
[Black "Berend, Elvira S"]
[Result "0-1"]
[WhiteElo "1758"]
[BlackElo "2326"]
[PlyCount "56"]
[EventDate "2021.06.04"]
[EventType "swiss (blitz)"]
[EventRounds "9"]
[EventCountry "USA"]
[SourceTitle "CBM 202 Extra"]
[Source "ChessBase"]
[SourceDate "2021.07.31"]
[SourceVersion "1"]
[SourceVersionDate "2021.07.31"]
[SourceQuality "1"]

1. d4 Nf6 2. c4 e6 3. Nf3 Bb4+ 4. Nbd2 c5 5. a3 Bxd2+ 6. Qxd2 b6 7. dxc5 bxc5 8. Qg5 0-0 9. Qxc5 Bb7 10. Bg5 d6 11. Qb4 Be4 12. 0-0-0 d5 13. cxd5 exd5 14. e3 Nc6 15. Qc3 Rc8 16. Bxf6 gxf6 17. Kd2 Ne5 18. Qd4 Bxf3 19. Ke1 Bxd1 20. Kxd1 Qc7 21. Qc3 Qxc3 22. bxc3 Rxc3 23. Ke2 Rc2+ 24. Kd1 Rxf2 25. Be2 Rb8 26. Re1 Rb2 27. Bf3 Rfd2+ 28. Kc1 Nd3# 0-1

[Event "Speed Chess (Women) Q5"]
[Site "Chess.com INT"]
[Date "2021.06.04"]
[Round "4"]
[White "Farhat Willemstein, Stela Souza"]
[Black "Sliwicka, Alicja"]
[Result "0-1"]
[WhiteElo "1758"]
[BlackElo "2308"]
[PlyCount "118"]
[EventDate "2021.06.04"]
[EventType "swiss (blitz)"]
[EventRounds "9"]
[EventCountry "USA"]
[SourceTitle "CBM 202 Extra"]
[Source "ChessBase"]
[SourceDate "2021.07.31"]
[SourceVersion "1"]
[SourceVersionDate "2021.07.31"]
[SourceQuality "1"]

1. d4 Nf6 2. Nf3 c5 3. d5 e6 4. c4 b5 5. dxe6 fxe6 6. cxb5 d5 7. g3 a6 8. bxa6 Nxa6 9. Bg2 Bd6 10. Nc3 Bb7 11. 0-0 0-0 12. e4 d4 13. e5 Bxe5 14. Nxe5 Bxg2 15. Kxg2 dxc3 16. Qxd8 Raxd8 17. bxc3 Ne4 18. Be3 Nxc3 19. Rfc1 Na4 20. Rc4 Nb6 21. Rc2 Rd5 22. Nc6 Kf7 23. Rac1 Rc8 24. Na5 Nd7 25. Nc4 Nb4 26. Rd2 Rxd2 27. Nxd2 Nxa2 28. Rc2 Nb4 29. Rc3 Nd5 30. Rc4 N7b6 31. Rc1 Nxe3+ 32. fxe3 Ke7 33. Ne4 c4 34. Kf3 e5 35. Kg4 Ke6 36. Ng5+ Kd5 37. Nxh7 Rh8 38. Ng5 Rxh2 39. e4+ Kc5 40. Ne6+ Kb4 41. Nxg7 c3 42. Nf5 Nc4 43. Rb1+ Rb2 44. Rc1 c2 45. Nh4 Kc3 46. Nf3 Rb1 47. Rxc2+ Kxc2 48. Kf5 Rf1 49. g4 Rxf3+ 50. Kg5 Nd6 51. Kh5 Nxe4 52. g5 Nxg5 53. Kxg5 e4 54. Kg4 Rf8 55. Kg3 e3 56. Kg2 e2 57. Kg3 e1Q+ 58. Kg4 Qg1+ 59. Kh5 Rh8# 0-1

[Event "Speed Chess (Women) Q5"]
[Site "Chess.com INT"]
[Date "2021.06.04"]
[Round "9"]
[White "Sedina, Elena"]
[Black "Farhat Willemstein, Stela Souza"]
[Result "1-0"]
[WhiteElo "2294"]
[BlackElo "1758"]
[PlyCount "39"]
[EventDate "2021.06.04"]
[EventType "swiss (blitz)"]
[EventRounds "9"]
[EventCountry "USA"]
[SourceTitle "CBM 202 Extra"]
[Source "ChessBase"]
[SourceDate "2021.07.31"]
[SourceVersion "1"]
[SourceVersionDate "2021.07.31"]
[SourceQuality "1"]

1. e4 g6 2. d4 Bg7 3. Nc3 Nf6 4. e5 Ng8 5. f4 d6 6. Nf3 dxe5 7. fxe5 Bg4 8. Bc4 e6 9. Be3 Qd7 10. 0-0 Nc6 11. h3 Bxf3 12. Qxf3 a6 13. Rad1 Nh6 14. g4 0-0-0 15. Ne4 Rhf8 16. Nc5 Qe7 17. Bxa6 Na5 18. Nxb7 Nxb7 19. Qxb7+ Kd7 20. Bb5# 1-0

[Event "Speed Chess (Women) Q4"]
[Site "Chess.com INT"]
[Date "2021.06.03"]
[Round "2"]
[White "Farhat Willemstein, Stela Souza"]
[Black "Papp, Petra"]
[Result "0-1"]
[WhiteElo "1758"]
[BlackElo "2336"]
[PlyCount "76"]
[EventDate "2021.06.03"]
[EventType "swiss (blitz)"]
[EventRounds "13"]
[EventCountry "USA"]
[SourceTitle "CBM 202 Extra"]
[Source "ChessBase"]
[SourceDate "2021.07.31"]
[SourceVersion "1"]
[SourceVersionDate "2021.07.31"]
[SourceQuality "1"]

1. e4 c6 2. Nf3 d5 3. exd5 cxd5 4. d4 Nc6 5. c3 g6 6. Bb5 Bg7 7. 0-0 Nf6 8. Bg5 0-0 9. Re1 Ne4 10. Bf4 Qb6 11. a4 a6 12. Bxc6 bxc6 13. b4 Bf5 14. a5 Qb7 15. Be5 f6 16. Bf4 Rfe8 17. Qb3 e5 18. dxe5 fxe5 19. Be3 c5 20. Nbd2 c4 21. Qa4 Nxc3 22. Qa3 Nb5 23. Qb2 c3 24. Qc1 cxd2 25. Qxd2 d4 26. Bh6 e4 27. Bxg7 Qxg7 28. Nh4 d3 29. Nxf5 gxf5 30. Re3 Qxa1+ 31. Re1 Qg7 32. Re3 Nd4 33. Rg3 Ne2+ 34. Kf1 Nxg3+ 35. fxg3 Qa1+ 36. Qe1 Qxe1+ 37. Kxe1 e3 38. Kd1 Rac8 0-1

[Event "Speed Chess (Women) Q4"]
[Site "Chess.com INT"]
[Date "2021.06.03"]
[Round "11"]
[White "Varney, Zoe"]
[Black "Farhat Willemstein, Stela Souza"]
[Result "1-0"]
[WhiteElo "1917"]
[BlackElo "1758"]
[PlyCount "107"]
[EventDate "2021.06.03"]
[EventType "swiss (blitz)"]
[EventRounds "13"]
[EventCountry "USA"]
[SourceTitle "CBM 202 Extra"]
[Source "ChessBase"]
[SourceDate "2021.07.31"]
[SourceVersion "1"]
[SourceVersionDate "2021.07.31"]
[SourceQuality "1"]

1. e4 c5 2. Nf3 d6 3. d4 c4 4. Bxc4 Nc6 5. 0-0 Nf6 6. Nc3 g6 7. Ng5 e6 8. d5 exd5 9. Nxd5 Be6 10. Re1 Bg7 11. Bf4 Ne5 12. Nxe6 fxe6 13. Bb5+ Kf7 14. Bxe5 dxe5 15. Nxf6 Bxf6 16. Qf3 a6 17. Rad1 axb5 18. Rxd8 Rhxd8 19. a3 Ke7 20. Rd1 Rd4 21. c3 Rxd1+ 22. Qxd1 Rd8 23. Qb3 Kf7 24. h3 Bg5 25. Qxb5 Rd1+ 26. Kh2 Bf4+ 27. g3 Bc1 28. Qxb7+ Kf6 29. Qxh7 Rd2 30. Qh4+ Kf7 31. g4 Bxb2 32. Qh7+ Ke8 33. Qxg6+ Kd7 34. Kg2 Bxc3 35. Qf7+ Kd6 36. Qf8+ Kd7 37. Qf7+ Kd6 38. h4 Bd4 39. h5 Rxf2+ 40. Qxf2 Bxf2 41. Kxf2 Ke7 42. a4 Kf7 43. a5 Kg7 44. a6 Kh6 45. a7 Kg5 46. a8Q Kxg4 47. h6 Kh5 48. h7 Kg4 49. h8Q Kf4 50. Qhf8+ Kg4 51. Qg7+ Kf4 52. Qf6+ Kg4 53. Qg8+ Kh3 54. Qh6# 1-0

[Event "Speed Chess (Women) Q2"]
[Site "Chess.com INT"]
[Date "2021.05.29"]
[Round "12"]
[White "Farhat Willemstein, Stela Souza"]
[Black "Adam, Ernestina"]
[Result "0-1"]
[WhiteElo "1758"]
[BlackElo "1354"]
[PlyCount "114"]
[EventDate "2021.05.29"]
[EventType "swiss (blitz)"]
[EventRounds "13"]
[EventCountry "USA"]
[SourceTitle "CBM 202 Extra"]
[Source "ChessBase"]
[SourceDate "2021.07.31"]
[SourceVersion "1"]
[SourceVersionDate "2021.07.31"]
[SourceQuality "1"]

1. e4 c6 2. d4 d5 3. e5 Bf5 4. Nf3 e6 5. Bd3 Bxd3 6. Qxd3 Ne7 7. 0-0 Nf5 8. Nbd2 Be7 9. Re1 Nd7 10. Nf1 c5 11. c3 0-0 12. g4 Nh4 13. Ng3 Nxf3+ 14. Qxf3 Bg5 15. Be3 cxd4 16. Bxd4 Nb6 17. b3 Rc8 18. Qd3 Nd7 19. Qf3 Nc5 20. Ne2 Ne4 21. Rf1 Nd2 22. Qh3 Nxf1 23. Rxf1 f6 24. f4 Bh6 25. Ng3 fxe5 26. Bxe5 Qb6+ 27. Kh1 g6 28. g5 Bg7 29. Bxg7 Kxg7 30. Ne2 Qb5 31. Nd4 Qd7 32. Nxe6+ Kg8 33. Qd3 Qxe6 34. Qd4 Qe4+ 35. Qxe4 dxe4 36. Re1 Rxf4 37. c4 Rd8 38. Kg2 Rd3 39. Re2 Rff3 40. Kg1 Rfe3 41. Rxe3 Rxe3 42. Kf2 Rc3 43. Ke2 Rc2+ 44. Ke3 Rxh2 45. Kxe4 Rg2 46. Kd5 Rxg5+ 47. Kd6 h5 48. Kc7 h4 49. Kxb7 h3 50. Kxa7 h2 51. b4 h1Q 52. b5 Rc5 53. b6 Qc6 54. b7 Ra5+ 55. Kb8 Rxa2 56. c5 Rb2 57. Ka7 Qxb7# 0-1

[Event "Speed Chess (Women) Q2"]
[Site "Chess.com INT"]
[Date "2021.05.29"]
[Round "5"]
[White "Farhat Willemstein, Stela Souza"]
[Black "Selkirk, Rebecca"]
[Result "1-0"]
[WhiteElo "1758"]
[BlackElo "1799"]
[PlyCount "73"]
[EventDate "2021.05.29"]
[EventType "swiss (blitz)"]
[EventRounds "13"]
[EventCountry "USA"]
[SourceTitle "CBM 202 Extra"]
[Source "ChessBase"]
[SourceDate "2021.07.31"]
[SourceVersion "1"]
[SourceVersionDate "2021.07.31"]
[SourceQuality "1"]

1. e4 c6 2. Nf3 d5 3. exd5 cxd5 4. d4 Nc6 5. c3 Nf6 6. Bb5 e6 7. Ne5 Qb6 8. Qe2 Bd6 9. 0-0 0-0 10. Bf4 Bxe5 11. dxe5 Nd7 12. Be3 Qc7 13. f4 a6 14. Bd3 b5 15. Qh5 g6 16. Qh4 Bb7 17. Rf3 Qd8 18. Qh6 Re8 19. Rh3 Nf8 20. Bc5 Ne7 21. Nd2 Rc8 22. Bd6 Rc6 23. Nf3 Rxd6 24. exd6 Qxd6 25. Ng5 Nf5 26. Bxf5 exf5 27. Nxh7 Nxh7 28. Qxh7+ Kf8 29. Qh8+ Ke7 30. Re1+ Kd7 31. Qxe8+ Kc7 32. Qe7+ Qxe7 33. Rxe7+ Kd6 34. Rxb7 d4 35. Rxf7 Kd5 36. Rd7+ Ke4 37. Rxd4# 1-0

[Event "Speed Chess (Women) Q2"]
[Site "Chess.com INT"]
[Date "2021.05.29"]
[Round "8"]
[White "Farhat Willemstein, Stela Souza"]
[Black "Swati, Mohota"]
[Result "0-1"]
[WhiteElo "1758"]
[BlackElo "2027"]
[PlyCount "74"]
[EventDate "2021.05.29"]
[EventType "swiss (blitz)"]
[EventRounds "13"]
[EventCountry "USA"]
[SourceTitle "CBM 202 Extra"]
[Source "ChessBase"]
[SourceDate "2021.07.31"]
[SourceVersion "1"]
[SourceVersionDate "2021.07.31"]
[SourceQuality "1"]

1. e4 Nf6 2. e5 Nd5 3. c4 Nb6 4. d4 d6 5. exd6 cxd6 6. Nf3 g6 7. Nc3 Bg7 8. Bd3 Bg4 9. 0-0 0-0 10. Be3 d5 11. c5 Nc8 12. h3 Bxf3 13. Qxf3 Nc6 14. h4 e6 15. Ne2 Qxh4 16. g3 Qf6 17. Qg2 N8e7 18. g4 e5 19. dxe5 Nxe5 20. Bd4 Nf3+ 21. Kh1 Nxd4 22. f4 Qh4+ 23. Kg1 Nxe2+ 24. Bxe2 Bd4+ 25. Rf2 Bxc5 26. Raf1 Bxf2+ 27. Rxf2 Rac8 28. g5 Rc1+ 29. Bf1 Nf5 30. Qf3 Qg3+ 31. Qxg3 Nxg3 32. Kg2 Nxf1 33. Rxf1 Rxf1 34. Kxf1 Re8 35. Kf2 Kg7 36. Kf3 h6 37. gxh6+ Kxh6 0-1

[Event "Speed Chess (Women) Q2"]
[Site "Chess.com INT"]
[Date "2021.05.29"]
[Round "9"]
[White "Isha, Sharma"]
[Black "Farhat Willemstein, Stela Souza"]
[Result "1-0"]
[WhiteElo "2237"]
[BlackElo "1758"]
[PlyCount "49"]
[EventDate "2021.05.29"]
[EventType "swiss (blitz)"]
[EventRounds "13"]
[EventCountry "USA"]
[SourceTitle "CBM 202 Extra"]
[Source "ChessBase"]
[SourceDate "2021.07.31"]
[SourceVersion "1"]
[SourceVersionDate "2021.07.31"]
[SourceQuality "1"]

1. e4 c5 2. Nf3 d6 3. d4 cxd4 4. Nxd4 Nf6 5. Nc3 g6 6. f3 Bg7 7. Be3 0-0 8. Qd2 Nc6 9. 0-0-0 a6 10. g4 Nxd4 11. Bxd4 Be6 12. h4 Qa5 13. Kb1 Rac8 14. a3 b5 15. Nd5 Qxd2 16. Nxe7+ Kh8 17. Rxd2 Rc7 18. h5 Rxe7 19. h6 Bxh6 20. Rxh6 Kg7 21. g5 Bc4 22. Bxf6+ Kg8 23. Rxh7 Kxh7 24. Rh2+ Kg8 25. Rh8# 1-0

[Event "Speed Chess (Women) Q2"]
[Site "Chess.com INT"]
[Date "2021.05.29"]
[Round "11"]
[White "Ribeiro, Regina"]
[Black "Farhat Willemstein, Stela Souza"]
[Result "0-1"]
[WhiteElo "1920"]
[BlackElo "1758"]
[PlyCount "52"]
[EventDate "2021.05.29"]
[EventType "swiss (blitz)"]
[EventRounds "13"]
[EventCountry "USA"]
[SourceTitle "CBM 202 Extra"]
[Source "ChessBase"]
[SourceDate "2021.07.31"]
[SourceVersion "1"]
[SourceVersionDate "2021.07.31"]
[SourceQuality "1"]

1. Nf3 d5 2. b3 e6 3. Bb2 Nf6 4. e3 Bd6 5. c4 0-0 6. Be2 c5 7. 0-0 Nc6 8. d4 cxd4 9. exd4 dxc4 10. bxc4 b6 11. Nc3 Bb7 12. d5 exd5 13. Nxd5 Nxd5 14. cxd5 Ne7 15. Qd4 Nf5 16. Qg4 g6 17. Bd3 Bc8 18. Bxf5 Bxf5 19. Qd4 f6 20. Rfd1 Bc5 21. Qd2 Qd7 22. Nd4 Bg4 23. f3 Bf5 24. Kh1 Rae8 25. Nxf5 Qxf5 26. d6 Be3 0-1

[Event "Speed Chess (Women) Q2"]
[Site "Chess.com INT"]
[Date "2021.05.29"]
[Round "4"]
[White "Varney, Zoe"]
[Black "Farhat Willemstein, Stela Souza"]
[Result "1/2-1/2"]
[WhiteElo "1917"]
[BlackElo "1758"]
[PlyCount "93"]
[EventDate "2021.05.29"]
[EventType "swiss (blitz)"]
[EventRounds "13"]
[EventCountry "USA"]
[SourceTitle "CBM 202 Extra"]
[Source "ChessBase"]
[SourceDate "2021.07.31"]
[SourceVersion "1"]
[SourceVersionDate "2021.07.31"]
[SourceQuality "1"]

1. e4 c5 2. Nf3 d6 3. d4 cxd4 4. Nxd4 Nf6 5. Nc3 g6 6. Be3 Bg7 7. f3 0-0 8. Qd2 Nc6 9. 0-0-0 a6 10. g4 Nxd4 11. Bxd4 Be6 12. h4 Qa5 13. h5 Bxa2 14. hxg6 fxg6 15. Bxf6 Bxf6 16. f4 Bxc3 17. Qxc3 Qxc3 18. bxc3 Rac8 19. Rd4 Rxc3 20. Kb2 Rfc8 21. Kxa2 Rxc2+ 22. Kb3 b5 23. Rh3 Rf2 24. Bd3 Rxf4 25. Bc2 Rxg4 26. Rd2 a5 27. Rdh2 h5 28. Kb2 a4 29. Re3 b4 30. e5 d5 31. Bxa4 Rgc4 32. Bb3 R4c5 33. Rd2 e6 34. Rg3 Kg7 35. Rdg2 R5c7 36. Rxg6+ Kh7 37. Rxe6 Rg7 38. Rxg7+ Kxg7 39. Rd6 Rc5 40. Rxd5 Rxd5 41. Bxd5 h4 42. e6 Kf6 43. Kc2 h3 44. Kd3 h2 45. Kc4 h1Q 46. Bxh1 Kxe6 47. Kxb4 1/2-1/2

[Event "Speed Chess (Women) Q2"]
[Site "Chess.com INT"]
[Date "2021.05.29"]
[Round "3"]
[White "Zaichenko, Daria"]
[Black "Farhat Willemstein, Stela Souza"]
[Result "1-0"]
[WhiteElo "2104"]
[BlackElo "1758"]
[PlyCount "121"]
[EventDate "2021.05.29"]
[EventType "swiss (blitz)"]
[EventRounds "13"]
[EventCountry "USA"]
[SourceTitle "CBM 202 Extra"]
[Source "ChessBase"]
[SourceDate "2021.07.31"]
[SourceVersion "1"]
[SourceVersionDate "2021.07.31"]
[SourceQuality "1"]

1. e4 c5 2. Nf3 d6 3. d4 cxd4 4. Nxd4 Nf6 5. Nc3 g6 6. Bc4 Bg7 7. 0-0 0-0 8. h3 Nc6 9. Be3 a6 10. a4 Ne5 11. Bb3 Nfd7 12. f4 Nc6 13. Nf3 Nf6 14. Qe2 Be6 15. Bxe6 fxe6 16. Rad1 Nh5 17. Qd2 Ng3 18. Rfe1 Qa5 19. Kh2 Nh5 20. Ng5 Nxf4 21. Bxf4 Rxf4 22. Nxe6 Rf7 23. Nxg7 Kxg7 24. Rf1 Qe5+ 25. Kh1 Raf8 26. Rxf7+ Rxf7 27. Qd5 Qxd5 28. Nxd5 Ne5 29. b3 e6 30. Ne3 Rd7 31. c4 b6 32. b4 a5 33. bxa5 bxa5 34. Kg1 Nc6 35. c5 Nb4 36. cxd6 Kf6 37. Nc4 Nc6 38. Nb6 Rb7 39. Nc4 Kf7 40. d7 Ke7 41. Ne5 Rxd7 42. Rxd7+ Kf6 43. Rd6 Nxe5 44. Ra6 Nc4 45. Rc6 Nb2 46. Ra6 Nc4 47. Rc6 Nb2 48. Rc5 e5 49. Rxa5 Nc4 50. Rc5 Nd2 51. Rc6+ Kg5 52. a5 Nxe4 53. a6 Nf6 54. a7 Nd7 55. a8Q e4 56. Qd8+ Nf6 57. Qxf6+ Kh6 58. Rc5 e3 59. Qg5+ Kg7 60. Rc7+ Kf8 61. Qd8# 1-0

[Event "WchT U20 Girls 4th"]
[Site "Rio de Janeiro"]
[Date "2001.10.11"]
[Round "1"]
[White "Farhat Willemstein, Stela Souza"]
[Black "Matras Clement, Agnieszka"]
[Result "0-1"]
[WhiteElo "1993"]
[BlackElo "2206"]
[PlyCount "76"]
[EventDate "2001.10.06"]
[EventType "team"]
[EventRounds "3"]
[EventCountry "BRA"]
[SourceTitle "CBM 084 Extra"]
[Source "ChessBase"]
[SourceDate "2001.10.26"]
[SourceVersion "1"]
[SourceVersionDate "2001.10.26"]
[SourceQuality "1"]

1. d4 d5 2. Nf3 Nf6 3. e3 e6 4. Bd3 c5 5. c3 Nbd7 6. 0-0 Bd6 7. Nbd2 0-0 8. Rb1 Qe7 9. Re1 h6 10. e4 dxe4 11. Nxe4 Nxe4 12. Bxe4 Nf6 13. Bd3 b6 14. dxc5 Bxc5 15. Bf4 Rd8 16. Qe2 Bb7 17. Rbd1 a6 18. h3 b5 19. Rd2 b4 20. c4 b3 21. a3 a5 22. Red1 a4 23. Be5 Rac8 24. Nh2 Bb6 25. Ng4 Nxg4 26. Qxg4 Qg5 27. Qxg5 hxg5 28. Be2 Rxd2 29. Rxd2 Bc6 30. Bd6 Be4 31. Bb4 Bc5 32. Bxc5 Rxc5 33. Rd4 Bb7 34. f3 Kf8 35. Kf2 Ke7 36. Ke3 Ba6 37. Kd3 e5 38. Re4 f5 0-1

[Event "Pan American-ch U20 Girls"]
[Site "Yucay"]
[Date "2001.07.10"]
[Round "3"]
[White "Vasquez Ramirez, Rocio Nefertiti"]
[Black "Farhat Willemstein, Stela Souza"]
[Result "1-0"]
[WhiteElo "2231"]
[BlackElo "2053"]
[PlyCount "65"]
[EventDate "2001.07.07"]
[EventType "swiss"]
[EventRounds "9"]
[EventCountry "PER"]
[SourceTitle "EXT 2002"]
[Source "ChessBase"]
[SourceDate "2001.11.25"]
[SourceVersion "1"]
[SourceVersionDate "2001.11.25"]
[SourceQuality "1"]

1. e4 c5 2. Nf3 d6 3. d4 cxd4 4. Nxd4 Nf6 5. Nc3 a6 6. Bg5 e5 7. Nb3 Be7 8. Qd2 0-0 9. 0-0-0 Ne8 10. h4 Nc6 11. Bc4 Be6 12. Bd5 Rc8 13. Kb1 b5 14. f3 h6 15. Be3 Bxh4 16. Bxh6 gxh6 17. Qxh6 Qg5 18. Rxh4 Qxh6 19. Rxh6 Kg7 20. Rdh1 Nf6 21. g4 b4 22. Bxe6 fxe6 23. Ne2 Rh8 24. g5 Rxh6 25. Rxh6 Ng8 26. Rxe6 Rd8 27. f4 Kf7 28. f5 Rd7 29. Ng3 Nd8 30. Rg6 Nc6 31. Nh5 Nge7 32. Rg7+ Kf8 33. f6 1-0

[Event "BRA-ch (Women)"]
[Site "Bariri"]
[Date "2001.??.??"]
[Round "3"]
[White "Chang, Suzana"]
[Black "Farhat Willemstein, Stela Souza"]
[Result "1/2-1/2"]
[WhiteElo "2144"]
[BlackElo "2000"]
[PlyCount "79"]
[EventDate "2001.01.15"]
[EventType "tourn"]
[EventRounds "9"]
[EventCountry "BRA"]
[SourceTitle "CBM 080 Extra"]
[Source "ChessBase"]
[SourceDate "2001.03.08"]
[SourceVersion "1"]
[SourceVersionDate "2001.03.08"]
[SourceQuality "1"]

1. e4 c5 2. Nf3 d6 3. d4 cxd4 4. Qxd4 a6 5. c4 Nc6 6. Qd2 Nf6 7. Nc3 g6 8. b3 Bg7 9. Bb2 0-0 10. Be2 Qa5 11. Rb1 Bg4 12. 0-0 Rfd8 13. a3 Ne5 14. Nd4 Bxe2 15. Qxe2 Nc6 16. Nc2 Rab8 17. a4 Qb6 18. Ba1 Nb4 19. Ne3 e6 20. Rfd1 Nd7 21. Nc2 Nc5 22. Nxb4 Qxb4 23. Na2 Qb6 24. Bxg7 Kxg7 25. Qe3 Rbc8 26. h4 h5 27. Nc3 Nd7 28. Qxb6 Nxb6 29. a5 Na8 30. Na4 Rc6 31. c5 Nc7 32. b4 Nb5 33. e5 d5 34. Rd3 d4 35. Nb6 f6 36. f4 Rc7 37. Nc4 Nc3 38. Rb2 fxe5 39. Nxe5 Kf6 40. Kf2 1/2-1/2

[Event "BRA-ch (Women)"]
[Site "Bariri"]
[Date "2001.??.??"]
[Round "8"]
[White "Delai, Paula Fernanda"]
[Black "Farhat Willemstein, Stela Souza"]
[Result "1/2-1/2"]
[WhiteElo "2089"]
[BlackElo "2000"]
[PlyCount "60"]
[EventDate "2001.01.15"]
[EventType "tourn"]
[EventRounds "9"]
[EventCountry "BRA"]
[SourceTitle "CBM 080 Extra"]
[Source "ChessBase"]
[SourceDate "2001.03.08"]
[SourceVersion "1"]
[SourceVersionDate "2001.03.08"]
[SourceQuality "1"]

1. e4 c5 2. Nf3 d6 3. d4 cxd4 4. Nxd4 e5 5. Bb5+ Bd7 6. Bxd7+ Qxd7 7. Nf5 g6 8. Ne3 Bg7 9. Nc3 Ne7 10. Nc4 Nc8 11. a4 0-0 12. 0-0 Nc6 13. Nb5 Rd8 14. Bg5 f6 15. Be3 N6e7 16. Ra3 a6 17. Nc3 Qc6 18. Qe2 d5 19. exd5 Nxd5 20. Nxd5 Rxd5 21. a5 Bf8 22. Rb3 Bc5 23. Bd2 b5 24. axb6 Nxb6 25. Ne3 Rd7 26. Ra1 Bxe3 27. Bxe3 Nd5 28. h4 Nxe3 29. Rxe3 a5 30. c3 Qd5 1/2-1/2